A kormányzó szegedi látogatása
Elmentve itt :
| Dokumentumtípus: | Cikk |
|---|---|
| Megjelent: |
1926-09-28
|
| Sorozat: | Délmagyarország
2 No. 223 |
| Kulcsszavak: | Horthy Miklós, Klebelsberg Kuno, Alapkőletétel, 1926, Vendég, Horthy Miklós kormányzó |
| Online Access: | http://dmarchiv.bibl.u-szeged.hu/31208 |
| LEADER | 00481nab a2200145 i 4500 | ||
|---|---|---|---|
| 001 | delm31208 | ||
| 005 | 20180927102629.0 | ||
| 008 | 180927s1926 hu o 0|| hun d | ||
| 040 | |a SZTE Délmagyarország Archívum |b hun | ||
| 041 | |a hun | ||
| 245 | 0 | 2 | |a A kormányzó szegedi látogatása |h [elektronikus dokumentum] |
| 260 | |c 1926-09-28 | ||
| 300 | |a 3 | ||
| 490 | 0 | |a Délmagyarország |v 2 No. 223 | |
| 695 | |a Horthy Miklós, Klebelsberg Kuno, Alapkőletétel, 1926, Vendég, Horthy Miklós kormányzó | ||